[Event "9th Sunway Sitges 2022"]
[Site "Sitges ESP"]
[Date "2022.12.16"]
[Round "5.27"]
[White "Gokerkan, Cem Kaan"]
[Black "Divya, Deshmukh"]
[Result "1-0"]
[WhiteTitle "IM"]
[BlackTitle "WGM"]
[WhiteElo "2470"]
[BlackElo "2347"]
[WhiteFideId "6336760"]
[BlackFideId "35006916"]
[EventDate "2022.12.12"]

1. e4 c5 2. Nf3 e6 3. d4 cxd4 4. Nxd4 Nf6 5. Nc3 Nc6 6. Ndb5 Bb4 7. a3 Bxc3+ 8.
Nxc3 d5 9. Bd3 dxe4 10. Nxe4 Nxe4 11. Bxe4 Qxd1+ 12. Kxd1 Bd7 13. Be3 f5 14. Bf3
e5 15. Kc1 e4 16. Bh5+ g6 17. Be2 O-O-O 18. b3 Be6 19. Kb2 Nd4 20. Bf1 Rd7 21.
h4 Bf7 22. Rd1 Rhd8 23. Rh3 Nc6 24. Rxd7 Rxd7 25. Kc1 a6 26. Bf4 Ne7 27. Rc3+
Kd8 28. b4 Bd5 29. a4 Ke8 30. Bg5 Kf7 31. Rc5 Be6 32. b5 b6 33. Rc3 Nd5 34. Rc6
axb5 35. Bxb5 Rc7 36. Bd8 Rxc6 37. Bxc6 Ne7 38. Bb5 Nc8 39. Kd2 Nd6 40. Kc3 f4
41. Bxb6 Kf6 42. Bf1 Nf5 43. a5 Bd5 44. a6 h5 45. Bd8+ Kg7 46. Bg5 e3 47. f3 Ba8
48. Bxf4 Nxh4 49. Bxe3 Kf6 50. Bf2 g5 51. Bxh4 gxh4 52. Kd4 h3 53. gxh3 Bxf3 54.
a7 Kf5 55. Be2 1-0

[Event "9th Sunway Sitges 2022"]
[Site "Sitges ESP"]
[Date "2022.12.16"]
[Round "5.28"]
[White "Wadsworth, Matthew J"]
[Black "Sarkar, Justin"]
[Result "1/2-1/2"]
[WhiteTitle "IM"]
[BlackTitle "IM"]
[WhiteElo "2470"]
[BlackElo "2343"]
[WhiteFideId "415804"]
[BlackFideId "2010011"]
[EventDate "2022.12.12"]

1. c4 e6 2. g3 Nf6 3. Bg2 d5 4. Nf3 Be7 5. O-O O-O 6. b3 d4 7. e3 c5 8. Ne5 Qc7
9. exd4 cxd4 10. Re1 Nfd7 11. Nd3 Nc6 12. Ba3 Re8 13. Bxe7 Rxe7 14. Na3 Qa5 15.
Nb5 a6 16. Bxc6 bxc6 17. Nxd4 Nb8 18. Qg4 Qd8 19. Ne5 Bb7 20. c5 Qd5 21. Rac1
Nd7 22. Nxd7 Rxd7 23. Nf3 h5 24. Qf4 f6 25. d4 a5 26. Rc3 a4 27. Rce3 axb3 28.
axb3 Re7 29. Nd2 Rd8 30. Re4 Ba6 31. Qe3 Kf7 32. Nb1 Rb8 33. Nc3 Qxb3 34. d5 e5
35. d6 Reb7 36. f4 Qc2 37. fxe5 Rb2 38. e6+ Kg8 39. Ne2 Rb1 40. Rxb1 Rxb1+ 41.
Kg2 Qd1 42. Qg1 Qc2 43. Qe3 Qd1 44. Qg1 Qc2 45. Qe3 1/2-1/2

[Event "9th Sunway Sitges 2022"]
[Site "Sitges ESP"]
[Date "2022.12.16"]
[Round "5.29"]
[White "Pablo Mari, Alejandro"]
[Black "Sousa, Andre Ventura"]
[Result "1-0"]
[WhiteTitle "FM"]
[BlackTitle "IM"]
[WhiteElo "2338"]
[BlackElo "2466"]
[WhiteFideId "2200287"]
[BlackFideId "1917617"]
[EventDate "2022.12.12"]

1. e4 c6 2. Nc3 d5 3. Nf3 Bg4 4. h3 Bxf3 5. Qxf3 e6 6. d3 Nd7 7. Be2 Bd6 8. d4
Ne7 9. O-O O-O 10. Bf4 Qb8 11. Bxd6 Qxd6 12. Rfd1 f5 13. e5 Qb8 14. Nb1 c5 15.
c3 Nc6 16. Qd3 a6 17. Nd2 b5 18. a3 Qd8 19. Nf3 Qe7 20. Kh2 Kh8 21. h4 Nb6 22.
g3 Rac8 23. Rdc1 Rc7 24. Qe3 cxd4 25. cxd4 Rfc8 26. b3 h6 27. Qd2 Nb8 28. Qb2
Kh7 29. Kg2 Qd7 30. Bd3 Kh8 31. Be2 Rc6 32. Ne1 Qa7 33. Nd3 N6d7 34. b4 Rxc1 35.
Rxc1 Rxc1 36. Nxc1 Nb6 37. Nb3 Nc4 38. Qc3 Qb6 39. Nc5 Kg8 40. g4 g6 41. gxf5
exf5 42. Qg3 Kg7 43. Bxc4 bxc4 44. e6 Qd8 45. Qe5+ Kg8 46. e7 Qe8 47. Qxd5+ Kg7
48. Ne6+ Kf6 49. Qe5+ Kf7 50. Nd8+ Kg8 51. Qxb8 c3 52. Qc7 c2 53. Qc4+ Kg7 54.
Qxc2 1-0

[Event "9th Sunway Sitges 2022"]
[Site "Sitges ESP"]
[Date "2022.12.16"]
[Round "5.30"]
[White "Velten, Paul"]
[Black "Sidhant, Mohapatra"]
[Result "0-1"]
[WhiteTitle "GM"]
[BlackTitle "IM"]
[WhiteElo "2465"]
[BlackElo "2337"]
[WhiteFideId "681091"]
[BlackFideId "5028698"]
[EventDate "2022.12.12"]

1. d4 d5 2. c4 e6 3. Nf3 Nf6 4. Nc3 c6 5. Bg5 h6 6. Bxf6 Qxf6 7. e3 Nd7 8. Be2
g6 9. O-O Qe7 10. e4 dxc4 11. Bxc4 Bg7 12. e5 O-O 13. Re1 Rd8 14. Qe2 b5 15. Bb3
Bb7 16. Rad1 b4 17. Na4 c5 18. d5 Bxd5 19. Bxd5 exd5 20. Rxd5 Nb6 21. Rxd8+ Rxd8
22. Qb5 Nxa4 23. Qxa4 c4 24. h4 Qc5 25. Qc2 c3 26. bxc3 bxc3 27. Re3 Rc8 28. h5
g5 29. Ne1 Qd4 30. e6 fxe6 31. Rxe6 Qd2 32. Qg6 Kf8 33. Nf3 Qc1+ 34. Ne1 Qf4 35.
Re2 Qf7 36. Qxf7+ Kxf7 37. g4 Rd8 38. Nc2 Rd5 39. Kf1 Rb5 40. f3 Rb2 41. a3 Rb1+
42. Kf2 Bf8 43. Ke3 Rd1 44. Re1 Rxe1+ 45. Nxe1 Bxa3 46. Kd3 a5 47. Nc2 Bb4 48.
Ne3 Ke6 49. Nf5 Bf8 50. Kxc3 Ke5 51. Kb3 Kf4 52. Nd4 Ke3 53. Nc6 Kxf3 54. Nxa5
Kxg4 55. Kc2 Kxh5 56. Kd1 Kg4 57. Ke2 Kg3 58. Nc4 g4 59. Kf1 Bc5 60. Nd2 Kh2 61.
Ke2 h5 62. Ne4 g3 0-1

[Event "9th Sunway Sitges 2022"]
[Site "Sitges ESP"]
[Date "2022.12.16"]
[Round "5.31"]
[White "Sochacki, Christophe"]
[Black "Ortega Serra, Marc"]
[Result "1/2-1/2"]
[WhiteTitle "GM"]
[WhiteElo "2463"]
[BlackElo "2291"]
[WhiteFideId "662569"]
[BlackFideId "2293137"]
[EventDate "2022.12.12"]

1. e4 e6 2. d4 d5 3. e5 c5 4. c3 Nc6 5. Nf3 Qb6 6. Bd3 cxd4 7. O-O Bd7 8. Re1
Nge7 9. h4 h6 10. a3 Rc8 11. b4 a6 12. Bb2 Na5 13. Nxd4 Nc4 14. Bc1 Qc7 15. f4
h5 16. a4 g6 17. Nd2 Nf5 18. Bxc4 Nxd4 19. cxd4 dxc4 20. Ne4 Be7 21. d5 Qb6+ 22.
Be3 Qxb4 23. d6 Bxh4 24. Bf2 Bxf2+ 25. Kxf2 Qb6+ 26. Re3 Qc6 27. Qf3 Kf8 28. Qg3
Qb6 29. Re1 Bc6 30. Nf6 Qd4 1/2-1/2

[Event "9th Sunway Sitges 2022"]
[Site "Sitges ESP"]
[Date "2022.12.16"]
[Round "5.32"]
[White "Firat, Burak"]
[Black "Shaik, Sumer Arsh"]
[Result "1-0"]
[WhiteTitle "GM"]
[BlackTitle "CM"]
[WhiteElo "2460"]
[BlackElo "2290"]
[WhiteFideId "6305881"]
[BlackFideId "45020000"]
[EventDate "2022.12.12"]

1. c4 Nf6 2. Nf3 e6 3. g3 d5 4. Bg2 Nbd7 5. d4 Bb4+ 6. Nbd2 O-O 7. O-O b6 8. a3
Be7 9. b4 a5 10. b5 Bb7 11. Bb2 a4 12. Qc2 Ra7 13. Ne5 Nxe5 14. dxe5 Nd7 15.
cxd5 exd5 16. Rad1 Ra5 17. Bc3 Rxb5 18. Qxa4 c6 19. Qc2 Qa8 20. Ra1 d4 21. Bxd4
Nc5 22. Rfc1 Ne6 23. Bc3 Rd8 24. a4 Rc5 25. Qb2 Rcd5 26. Bxd5 cxd5 27. Bd4 Nxd4
28. Qxd4 Bc5 29. Qf4 d4 30. a5 Qc8 31. axb6 Qh3 32. Nf3 Be7 33. Rc7 g5 34. Qxf7+ 1-0

[Event "9th Sunway Sitges 2022"]
[Site "Sitges ESP"]
[Date "2022.12.16"]
[Round "5.33"]
[White "Shailesh, Dravid"]
[Black "Sardana, Rishi"]
[Result "1/2-1/2"]
[WhiteTitle "FM"]
[BlackTitle "IM"]
[WhiteElo "2286"]
[BlackElo "2460"]
[WhiteFideId "25017969"]
[BlackFideId "25004301"]
[EventDate "2022.12.12"]

1. e4 e6 2. d4 d5 3. Nd2 c5 4. exd5 exd5 5. Ngf3 Nc6 6. Bb5 cxd4 7. O-O Nf6 8.
Re1+ Be7 9. Nxd4 Bd7 10. Bxc6 bxc6 11. Qe2 c5 12. N4f3 h6 13. Nb3 Be6 14. Qb5+
Qd7 15. Qa5 Qd8 16. Qb5+ Qd7 17. Qa5 Qd8 18. Qb5+ Qd7 19. Qa5 Qd8 20. Qb5+ 1/2-1/2

[Event "9th Sunway Sitges 2022"]
[Site "Sitges ESP"]
[Date "2022.12.16"]
[Round "5.34"]
[White "Schneider, Jana"]
[Black "Abdisalimov, Abdimalik"]
[Result "0-1"]
[WhiteTitle "FM"]
[BlackTitle "IM"]
[WhiteElo "2272"]
[BlackElo "2447"]
[WhiteFideId "12924997"]
[BlackFideId "14206323"]
[EventDate "2022.12.12"]

1. e4 c6 2. d4 d5 3. exd5 cxd5 4. Nf3 Nc6 5. c3 g6 6. Bf4 Bg7 7. h3 Nh6 8. Be2
O-O 9. O-O Nf5 10. Re1 Kh8 11. Nbd2 f6 12. Bf1 Re8 13. g4 e5 14. gxf5 exf4 15.
fxg6 hxg6 16. Nh4 Rxe1 17. Qxe1 g5 18. Ng6+ Kg8 19. Qe2 Bf5 20. Qh5 Qd7 21. Re1
Bc2 22. Rc1 Qf5 23. Rxc2 Qxc2 24. Bg2 Rd8 25. Nb3 b6 26. Nxf4 Ne7 27. Nxd5 Qb1+
28. Kh2 Qe1 29. Nxe7+ Qxe7 30. Nd2 Qf7 31. Qg4 Qxa2 32. Qf5 Qf7 33. c4 Qc7+ 34.
Kg1 Qf4 35. Bd5+ Kh8 36. Qg6 Qh4 37. Ne4 Qxh3 38. Ng3 Qh7 39. Qf7 f5 40. Qe7 Rf8
41. Qxg5 Bxd4 42. Nh5 Bxb2 43. Kf1 Be5 44. Qe3 Bf6 45. Nf4 Qh6 46. Qg3 Kh7 47.
Ne6 Qc1+ 48. Ke2 Re8 49. Qh2+ Kg6 50. Kf3 Bg5 51. Qd6 Qc3+ 52. Kg2 Qf6 53. Qd7
Qe7 54. Qc6 Kh7 55. Nd4 Rf8 56. Be6 Rf6 57. Bxf5+ Kh8 58. Qd5 Rd6 59. Qa8+ Rd8
60. Qf3 Rxd4 61. Qh5+ Kg8 62. Qg6+ Kf8 63. Be6 Qg7 0-1

[Event "9th Sunway Sitges 2022"]
[Site "Sitges ESP"]
[Date "2022.12.16"]
[Round "5.35"]
[White "Jinan, Jomon"]
[Black "Ajay, Karthikeyan"]
[Result "1/2-1/2"]
[BlackTitle "IM"]
[WhiteElo "2271"]
[BlackElo "2430"]
[WhiteFideId "35002511"]
[BlackFideId "35011685"]
[EventDate "2022.12.12"]

1. e4 c5 2. Nf3 d6 3. Bb5+ Nd7 4. a4 Nf6 5. Nc3 g6 6. a5 Bg7 7. O-O O-O 8. Re1
a6 9. Bf1 b5 10. axb6 Nxb6 11. d3 Bg4 12. Be2 a5 13. h3 Bd7 14. e5 Nfd5 15. Ne4
dxe5 16. Nxc5 Bc6 17. d4 exd4 18. Nxd4 Qd6 19. Ne4 Qc7 20. Nxc6 Qxc6 21. Bf3 e6
22. Qe2 a4 23. c3 Qc7 24. g3 h6 25. Nd2 Rfc8 26. Nb1 Nd7 27. Na3 Rab8 28. Bxd5
exd5 29. Bf4 Qc6 30. Bxb8 Rxb8 31. Rab1 Nc5 32. Nc2 Ne4 33. Nb4 Qe6 34. Nxd5
Qxd5 35. Qxe4 Qxe4 36. Rxe4 Rb3 37. Ra1 Rxb2 38. Rexa4 Bf8 39. Ra8 Kg7 40. Rc8
Rc2 41. Kg2 Bd6 42. Kf3 Kf6 43. Ke3 Ke7 44. Rc4 Ke6 45. Rc8 Kd7 46. Rc4 Ke6 47.
Rd1 Be5 48. Rc6+ Ke7 49. Ra1 Bxc3 50. Ra3 1/2-1/2

[Event "9th Sunway Sitges 2022"]
[Site "Sitges ESP"]
[Date "2022.12.16"]
[Round "5.37"]
[White "Nurgaliyev, Sauat"]
[Black "Woodward, Andy"]
[Result "0-1"]
[WhiteTitle "CM"]
[BlackTitle "IM"]
[WhiteElo "2150"]
[BlackElo "2457"]
[WhiteFideId "13726285"]
[BlackFideId "30953499"]
[EventDate "2022.12.12"]

1. e4 c5 2. Nf3 d6 3. d4 cxd4 4. Nxd4 Nf6 5. Nc3 a6 6. h3 g6 7. Be3 Bg7 8. Qd2
O-O 9. O-O-O b5 10. a3 Bb7 11. f3 Nc6 12. Nxc6 Bxc6 13. g4 Rb8 14. Ne2 a5 15.
Nd4 Bd7 16. h4 b4 17. axb4 axb4 18. h5 Qa5 19. Nb3 Qa2 20. e5 Ra8 21. Qg2 Rfc8
22. Rd3 dxe5 23. hxg6 hxg6 24. Bh6 e4 25. Qh2 exd3 26. Bxd3 Qxb3 27. Bxg7 Ra1+
28. Kd2 Rxh1 29. Qxh1 Rxc2+ 30. Bxc2 Qd5+ 0-1

[Event "9th Sunway Sitges 2022"]
[Site "Sitges ESP"]
[Date "2022.12.16"]
[Round "5.38"]
[White "Bernadskiy, Vitaliy"]
[Black "Yordanov, Lachezar"]
[Result "1-0"]
[WhiteTitle "GM"]
[BlackTitle "FM"]
[WhiteElo "2617"]
[BlackElo "2294"]
[WhiteFideId "14100371"]
[BlackFideId "2918927"]
[EventDate "2022.12.12"]

1. e4 c5 2. Nc3 d6 3. Nf3 Nf6 4. d4 cxd4 5. Nxd4 a6 6. Be2 e5 7. Nb3 Be7 8. Bg5
Be6 9. Bxf6 Bxf6 10. Qd3 Nc6 11. Nd5 O-O 12. O-O Bxd5 13. Qxd5 Qc7 14. c3 Rfd8
15. Rfd1 Ne7 16. Qc4 Qd7 17. Bf3 g6 18. Qe2 h5 19. Rd3 Qa4 20. Qd2 Kg7 21. Rxd6
Rxd6 22. Qxd6 Nc6 23. Qd7 Qb5 24. Qd5 Qb6 25. Rd1 Rd8 26. Qc5 Rxd1+ 27. Bxd1 Qc7
28. Nd2 Bg5 29. Nf3 Bc1 30. b4 Qd8 31. Bb3 Bb2 32. Bd5 Qf6 33. Bxc6 bxc6 34. h4
Ba1 35. a4 Bb2 36. Kf1 Ba1 37. Ke2 1-0

[Event "9th Sunway Sitges 2022"]
[Site "Sitges ESP"]
[Date "2022.12.16"]
[Round "5.39"]
[White "Clarke, Brandon G I"]
[Black "Kristoferitsch, Daniel"]
[Result "1/2-1/2"]
[WhiteTitle "IM"]
[BlackTitle "FM"]
[WhiteElo "2484"]
[BlackElo "2286"]
[WhiteFideId "400319"]
[BlackFideId "1642650"]
[EventDate "2022.12.12"]

1. e4 c5 2. Nf3 Nc6 3. d4 cxd4 4. Nxd4 Nf6 5. Nc3 e5 6. Ndb5 d6 7. Bg5 a6 8. Na3
b5 9. Bxf6 gxf6 10. Nd5 Bg7 11. c3 Ne7 12. Nxe7 Qxe7 13. Bd3 f5 14. O-O f4 15.
c4 b4 16. Qa4+ Bd7 17. Qxb4 f3 18. g3 h5 19. Bc2 h4 20. Rad1 Qe6 21. Qxd6 Qh3
22. Qxd7+ Qxd7 23. Rxd7 Kxd7 24. Nb1 Bf8 25. Nd2 Bc5 26. Nxf3 hxg3 27. hxg3 f6
28. a3 Rhb8 29. Rb1 Kc7 30. b4 Bf8 31. Rb3 a5 32. b5 Kb6 33. a4 Rd8 34. Kf1 Rac8
35. Bd3 Rd7 36. Ke2 Rcd8 37. Nh2 Rg7 38. Nf3 Bc5 39. Bc2 Rh7 40. Rb1 Rhh8 41. g4
Rde8 42. Rd1 Rd8 43. Rg1 Rhg8 44. Bb1 Rde8 45. Rg3 Rg7 46. Ne1 Reg8 47. Rf3 Rf8
48. Rg3 Rfg8 49. Kf3 Rh8 50. Nd3 Rg5 51. Bc2 Rh2 52. Bd1 Bd4 53. Ke2 Rh4 54. Kd2
Rh2 55. Be2 Rg8 56. Rf3 Rh6 57. Kc2 Rxg4 58. c5+ Kc7 59. Rxf6 Rxf6 60. Bxg4
Rxf2+ 61. Nxf2 Bxf2 62. c6 Kd6 63. Kd3 Bb6 64. Bd1 Bd8 1/2-1/2

[Event "9th Sunway Sitges 2022"]
[Site "Sitges ESP"]
[Date "2022.12.16"]
[Round "5.40"]
[White "Milat, Marcel"]
[Black "Raja, Rithvik R"]
[Result "0-1"]
[WhiteTitle "FM"]
[BlackTitle "GM"]
[WhiteElo "2290"]
[BlackElo "2453"]
[WhiteFideId "2602105"]
[BlackFideId "35007394"]
[EventDate "2022.12.12"]

1. d4 Nf6 2. c4 e6 3. g3 d5 4. Nf3 dxc4 5. Qa4+ Nbd7 6. Nc3 a6 7. Bg5 c5 8.
O-O-O cxd4 9. Nxd4 b5 10. Ndxb5 Bb7 11. Rxd7 Qxd7 12. Nc7+ Kd8 13. Qxd7+ Kxd7
14. Nxa8 Bxh1 15. Nb6+ Kc7 16. Nxc4 Bc6 17. Bf4+ Kc8 18. f3 Nd5 19. Ne5 Nxf4 20.
Nxc6 Ng6 21. e4 Kc7 0-1

[Event "9th Sunway Sitges 2022"]
[Site "Sitges ESP"]
[Date "2022.12.16"]
[Round "5.41"]
[White "Torngren, Gustav"]
[Black "Kaasen, Tor Fredrik"]
[Result "0-1"]
[WhiteTitle "FM"]
[BlackTitle "IM"]
[WhiteElo "2275"]
[BlackElo "2452"]
[WhiteFideId "1728970"]
[BlackFideId "1516647"]
[EventDate "2022.12.12"]

1. Nf3 d5 2. g3 b6 3. Bg2 Bb7 4. O-O Nf6 5. b3 e6 6. Bb2 Bd6 7. d4 O-O 8. Nbd2
Re8 9. e3 a5 10. a4 c5 11. c4 Nc6 12. Qe2 Nb4 13. Rfd1 Qe7 14. Rac1 Rac8 15. h3
Red8 16. Kh2 Ne4 17. Ba1 f5 18. Ne1 Ba6 19. Nef3 Qc7 20. Nf1 dxc4 21. bxc4 cxd4
22. Nxd4 Bxc4 23. Qb2 Qf7 24. Rxc4 Rxc4 25. Nxe6 Bxg3+ 26. Nxg3 Rxd1 27. Nxf5
Nc3 28. Qb3 Qxe6 29. Bxc3 Rd3 30. Ne7+ Kf7 0-1

[Event "9th Sunway Sitges 2022"]
[Site "Sitges ESP"]
[Date "2022.12.16"]
[Round "5.42"]
[White "Narciso Dublan, Marc"]
[Black "Md Imran"]
[Result "0-1"]
[WhiteTitle "GM"]
[BlackTitle "CM"]
[WhiteElo "2448"]
[BlackElo "2279"]
[WhiteFideId "2201500"]
[BlackFideId "25748580"]
[EventDate "2022.12.12"]

1. e4 c5 2. f4 e6 3. Nf3 d5 4. d3 Nc6 5. c3 Nge7 6. Be2 Ng6 7. O-O Bd6 8. e5 Bc7
9. d4 O-O 10. dxc5 b6 11. cxb6 Bxb6+ 12. Kh1 f6 13. exf6 Qxf6 14. g3 Bb7 15. Na3
Rad8 16. Qc2 d4 17. Nc4 d3 18. Bxd3 Rxd3 19. Qxd3 Nce5 20. Qe2 Nxc4 21. Qxc4 Ne5
22. Qe2 Nxf3 23. Rxf3 Qe5 0-1

[Event "9th Sunway Sitges 2022"]
[Site "Sitges ESP"]
[Date "2022.12.16"]
[Round "5.43"]
[White "Benmesbah, Natacha"]
[Black "Garcia Ramos, Daniel"]
[Result "0-1"]
[WhiteTitle "WIM"]
[BlackTitle "IM"]
[WhiteElo "2268"]
[BlackElo "2439"]
[WhiteFideId "642002"]
[BlackFideId "32010311"]
[EventDate "2022.12.12"]

1. e4 c6 2. Nf3 d5 3. Nc3 dxe4 4. Nxe4 Nf6 5. Qe2 Nxe4 6. Qxe4 Qa5 7. Qf4 Qf5 8.
Qe3 Qe6 9. b3 a5 10. a4 Na6 11. Bb2 Nb4 12. Rc1 Qg6 13. d3 Nd5 14. Qg5 f6 15.
Qxg6+ hxg6 16. d4 Bf5 17. Bc4 e6 18. O-O Bd6 19. g3 Kf7 20. Rfe1 g5 21. Nd2 Rh6
22. f3 Rah8 23. Nf1 g4 24. Be2 gxf3 25. Bxf3 c5 26. Re2 g5 27. Rd1 b6 28. Rf2
Bh3 29. c4 Ne7 30. Be4 Bf5 31. Bg2 Bg4 32. Re1 Nf5 33. d5 e5 34. h3 Rxh3 35.
Bxh3 Bxh3 36. Nd2 Kg6 37. Ne4 Be7 38. Rh2 g4 39. Rf2 Nd4 40. Bxd4 cxd4 41. d6
Bd8 42. c5 bxc5 43. Nxc5 d3 44. Nd7 Re8 45. Re4 Kg5 46. Rd2 Kf5 47. Re3 e4 48.
Kf2 Re6 49. Nc5 Re5 50. Nxd3 exd3 51. Rxe5+ fxe5 52. Rxd3 Bb6+ 53. Ke1 e4 54.
Rd1 Ke6 55. d7 Ke7 56. Rd5 Bg2 57. Rb5 Bc7 58. Kf2 Bf3 59. b4 Kxd7 60. bxa5 Kc6
61. Rg5 Bd8 62. Rg6+ Kb7 63. a6+ Ka7 64. Re6 Bb6+ 65. Ke1 Kxa6 66. Re8 Ba5+ 67.
Kf2 Bd2 68. Re5 e3+ 69. Kf1 Kb6 70. Re8 Ka5 71. Re5+ Kxa4 72. Kg1 Kb4 73. Kh2
Kc4 74. Rxe3 Kd4 75. Re7 Bb4 76. Rd7+ Ke3 77. Kg1 Ke2 78. Rd8 Bc5+ 79. Kh2 Kf1
80. Rd4 Bb6 81. Rxg4 Bxg4 82. Kh1 Kf2 0-1

[Event "9th Sunway Sitges 2022"]
[Site "Sitges ESP"]
[Date "2022.12.16"]
[Round "5.44"]
[White "Newrkla, Katharina"]
[Black "Boyer, Mahel"]
[Result "0-1"]
[WhiteTitle "WIM"]
[BlackTitle "IM"]
[WhiteElo "2265"]
[BlackElo "2434"]
[WhiteFideId "1621629"]
[BlackFideId "45102422"]
[EventDate "2022.12.12"]

1. e4 e6 2. d4 d5 3. e5 c5 4. c3 Nc6 5. Nf3 Nge7 6. Bd3 cxd4 7. cxd4 Nf5 8. Bxf5
exf5 9. Nc3 Be7 10. h4 O-O 11. Bg5 f6 12. exf6 Bxf6 13. O-O Bxg5 14. hxg5 f4 15.
Qb3 Bg4 16. Ne5 Nxe5 17. dxe5 Be6 18. f3 Qxg5 19. Rfe1 Qg6 20. Qb4 h5 21. Rad1
Qf7 22. Rd4 h4 23. Red1 Rad8 24. Qb5 Rd7 25. Ne2 g5 26. Nc3 Rfd8 27. Qd3 Qh5 28.
Rd2 a6 29. Qe2 Qh7 30. Qd1 Qf7 31. Na4 Rc7 32. Nc3 Rdc8 33. Rxd5 Bxd5 34. Rxd5
h3 35. gxh3 Qe6 36. Kg2 Rh7 37. Rd8+ Rxd8 38. Qxd8+ Kf7 39. Ne4 Qxh3+ 40. Kf2
Qh2+ 41. Kf1 Qh1+ 42. Ke2 Rh2+ 43. Nf2 Rxf2+ 44. Kxf2 Qh2+ 45. Kf1 Qh3+ 46. Ke1
Qg3+ 47. Kd2 Qf2+ 48. Kc1 Qe3+ 49. Kc2 Qxe5 50. Qd7+ Qe7 51. Qf5+ Kg7 52. a3 Kh6
53. Qh3+ Kg6 54. Kb1 Qd6 55. Ka1 Qd1+ 56. Ka2 Qd5+ 57. Ka1 a5 58. Qf1 b5 59. Qe2
Kf6 60. Qe8 b4 61. axb4 axb4 62. Qf8+ Ke6 63. Qe8+ Kd6 64. Qf8+ Kc6 65. Qxb4
Qd1+ 66. Ka2 Qxf3 67. Qa4+ Kd6 68. Qa6+ Qc6 69. Qa3+ Ke6 70. Qh3+ Ke5 71. Qh8+
Qf6 72. Qb8+ Kf5 73. Qb5+ Qe5 74. Qd3+ Qe4 75. Qh3+ Kg6 76. Qg4 Qd5+ 77. Ka1 f3
78. Qg3 Qa5+ 79. Kb1 Qf5+ 80. Ka1 f2 81. Qd6+ Qf6 82. Qd3+ Kg7 83. Qd7+ Qf7 84.
Qd4+ Kh6 85. Qd6+ Kh5 86. Qh2+ Kg6 87. Qd6+ Kf5 88. Qd1 Qa7+ 89. Kb1 Qe3 90.
Qd7+ Kf4 91. Qd6+ Kf3 92. Qd1+ Qe2 93. Qb3+ Qe3 94. Qd1+ Kg3 95. Qd6+ Qf4 96.
Qd3+ Qf3 97. Qd6+ Kg2 98. Qd2 Kh1 0-1

[Event "9th Sunway Sitges 2022"]
[Site "Sitges ESP"]
[Date "2022.12.16"]
[Round "5.45"]
[White "Bulmaga, Irina"]
[Black "Sieber, Fiona"]
[Result "1-0"]
[WhiteTitle "IM"]
[BlackTitle "WIM"]
[WhiteElo "2432"]
[BlackElo "2245"]
[WhiteFideId "13903063"]
[BlackFideId "12902373"]
[EventDate "2022.12.12"]

1. e4 c5 2. Nf3 d6 3. d4 cxd4 4. Nxd4 Nf6 5. Nc3 a6 6. Bg5 e6 7. f4 h6 8. Bh4
Qb6 9. a3 Be7 10. Bf2 Qc7 11. Qf3 Nbd7 12. O-O-O b5 13. g4 g5 14. Qh3 Rg8 15. f5
Ne5 16. Be2 Bd7 17. Rhf1 Rc8 18. Be1 Nc4 19. fxe6 fxe6 20. Qxh6 e5 21. Rxf6 Ne3
22. Ne6 Bxe6 23. Rxe6 Kd7 24. Rd3 Qc5 25. Bf2 1-0

[Event "9th Sunway Sitges 2022"]
[Site "Sitges ESP"]
[Date "2022.12.16"]
[Round "5.46"]
[White "Sammed Jaykumar, Shete"]
[Black "Ruiz Buendia, Miguel"]
[Result "1-0"]
[WhiteTitle "IM"]
[BlackTitle "FM"]
[WhiteElo "2430"]
[BlackElo "2257"]
[WhiteFideId "5073421"]
[BlackFideId "24537675"]
[EventDate "2022.12.12"]

1. e4 c5 2. c3 d5 3. exd5 Qxd5 4. d4 Nf6 5. Nf3 e6 6. Na3 Nc6 7. Nb5 Qd8 8. dxc5
Bxc5 9. Qxd8+ Kxd8 10. Bf4 Ne4 11. Be3 Bxe3 12. fxe3 Ke7 13. Bd3 Nc5 14. Bc2 Nd7
15. O-O-O Nde5 16. h3 h6 17. Be4 f5 18. Bxc6 Nxc6 19. e4 f4 20. e5 g5 21. Nd6 b6
22. Rhe1 Rb8 23. Re4 Bb7 24. h4 Ba8 25. hxg5 hxg5 26. Nxg5 Rbg8 27. Rxf4 Nxe5
28. Ngf7 Rh1 29. Nxe5 Rxd1+ 30. Kxd1 Kxd6 31. Nc4+ Ke7 32. g4 Rg7 33. Ne3 e5 34.
Rf2 Ke6 35. Ke2 Be4 36. Rh2 Rg6 37. Rh8 Kf6 38. Rh3 a5 39. Rh5 Rg8 40. Kf2 Bg6
41. g5+ Ke6 42. Rh6 b5 43. Kg3 e4 44. Kf4 Rf8+ 45. Kg4 Kf7 46. Nf5 Bxf5+ 47.
Kxf5 e3 48. Rh1 Kg7+ 49. Ke4 Rf2 50. Rb1 e2 51. Re1 Rg2 52. Kd3 Rg3+ 53. Kd4
Rg4+ 54. Ke3 Rxg5 55. Rxe2 Rd5 56. Rf2 Kg6 57. Ke4 Rd1 58. Ke5 Kg5 59. Rf8 Kg4
60. Ke6 Ra1 61. Rb8 Rxa2 62. Rxb5 1-0

[Event "9th Sunway Sitges 2022"]
[Site "Sitges ESP"]
[Date "2022.12.16"]
[Round "5.47"]
[White "Vitier Vazquez, Cristian"]
[Black "Rakshitta, Ravi"]
[Result "1/2-1/2"]
[WhiteTitle "FM"]
[BlackTitle "WIM"]
[WhiteElo "2424"]
[BlackElo "2242"]
[WhiteFideId "3513157"]
[BlackFideId "25073230"]
[EventDate "2022.12.12"]

1. d4 Nf6 2. c4 e6 3. g3 d5 4. Bg2 Be7 5. Nf3 O-O 6. O-O dxc4 7. Qc2 c6 8. Qxc4
b5 9. Qb3 Bb7 10. Be3 Nbd7 11. Rc1 Rc8 12. Nbd2 a6 13. Ne5 Nxe5 14. dxe5 Nd7 15.
Ne4 Nxe5 16. Nc5 Ba8 17. Rd1 Qa5 18. Nxe6 Rfe8 19. Bd4 Bf6 20. Nc5 Rcd8 21. e3
b4 22. a3 bxa3 23. Rxa3 Qb5 24. Qc2 Qb4 25. Rb3 Qa5 26. h3 Ng6 27. Ra3 Qb5 28.
Bf1 Qb8 29. Bxf6 gxf6 30. Nd7 Rxd7 31. Rxd7 Ne5 32. Rd1 Nf3+ 33. Kh1 c5 34. Bg2
Qc8 35. g4 Qb8 36. Bxf3 Bxf3+ 37. Kg1 Bxd1 38. Qxd1 Qxb2 39. Rxa6 c4 40. Qd7
Qb1+ 41. Kh2 Qb8+ 42. Kg2 Qe5 43. Ra7 Qe4+ 44. f3 Qe6 45. Qxe6 Rxe6 46. Kf2 Rb6
47. Rc7 Rb2+ 48. Kg3 Rc2 49. h4 Kg7 50. Kf4 c3 51. h5 h6 52. e4 Rc1 53. Ke3 Kf8
54. Ke2 Ke8 55. Kd3 Rd1+ 56. Kc2 Rd2+ 57. Kb3 Rb2+ 58. Ka3 Rc2 59. Rc5 Ke7 60.
Kb3 Rf2 61. Rxc3 Ke6 62. Rd3 Ke5 63. Rd5+ Ke6 64. Rf5 Rd2 65. Kc3 Rd1 66. Kc2
Rd7 67. Rb5 Rd4 68. Kc3 Rd1 69. Kc4 Rf1 70. Rf5 Rd1 71. Kc5 Rd3 72. Kc4 Rd1 73.
Kc3 Rd6 74. Rd5 Rxd5 75. exd5+ Kxd5 76. f4 Ke6 77. Kd4 Kd6 78. Ke3 Ke6 79. Kd4
Kd6 80. Kc4 Ke6 81. Kc5 Kd7 82. Kd5 Ke7 83. Kd4 Kd6 1/2-1/2